LEADER 01330nam a2200289 i 4500 001 000000040688 003 CaOOAMICUS 005 20110427000000.0 008 110427s1985 it u000 u ita u 013 $a11858 020 $a88-17-16514-X 040 $aSeMil$bita 100 1 $aChastenet, Jacques.$0(OLS)http://semarc/name/19924 240 13$aLa vie quotidienne en Angleterre au début du Règne de Victoria 1837 - 1851.$0(OLS)http://semarc/title/58562 245 13$aLa vita quotidiana in Inghilterra ai tempi della regina Vittoria /$cJacques Chastenet ; traduzione di Maria Grazia Meriggi. 260 $aMilano :$bBiblioteca Universale Rizzoli,$c1985. 300 $a293 p., [10] p. di tav. ;$c18 cm. 490 0 $aBUR 650 4$aInghilterra - Storia.$0(OLS)http://semarc/subject/960 700 1 $aMeriggi, Maria Grazia.$0(OLS)http://semarc/name/19925 830 0$aBUR.$0(OLS)http://semarc/title/17764 850 $aSeMil 852 $aSeMil$W1$xVenegono$y1$m3V II 187$j6843$B6843$CSeMilBibl$Z2$F6843 $81 961 $aOmaggio: Del Favero 996 $6020$a88-17-16514-X$9(OLS)http://semarc/number/11031 996 $6245$aLa vita quotidiana in Inghilterra ai tempi della regina Vittoria$9(OLS)http://semarc/title/58561 996 $6260$aMilano :$bBiblioteca Universale Rizzoli$9(OLS)http://semarc/publisher/31907 LEADER 01233nam a2200241 i 4500 001 000000068358 003 CaOOAMICUS 005 20131115000000.0 008 131115s1880 xx u000 u lat u 013 $a39530 040 $aSeMil$bita 100 1 $aPesch, Tilmann <1836-1899>.$0(OLS)http://semarc/name/2604 245 10$aInstitutiones philosophiae naturalis S. Thomae Aquinatis :$bad usum scholasticum /$caccomodavit Tilmannus Pesch. 260 $aFriburgi Brisgoviae :$bsumptibus Herder,$c1880. 300 $axlix, 752 p. ;$c24 cm. 490 0 $aPhilosophia lacensis, sive Series institutionum philosophiae scholasticae 600 04$aTommaso : d'Aquino .$0(OLS)http://semarc/subject/115 650 4$aFilosofia naturale.$0(OLS)http://semarc/subject/4580 830 0$aPhilosophia lacensis, sive Series institutionum philosophiae scholasticae.$0(OLS)http://semarc/title/31547 850 $aSeMil 852 $aSeMil$W1$xVenegono$y1$m2O III 4 FA$j34511$B34511$CSeMilBibl$Z2$F34514 $8I 996 $6245$aInstitutiones philosophiae naturalis S. Thomae Aquinatis :$bad usum scholasticum$9(OLS)http://semarc/title/109106 996 $6260$aFriburgi Brisgoviae :$bsumptibus Herder$9(OLS)http://semarc/publisher/30339